Statistics for Nazi Germany Multiple Choice

Click here to take the quiz!

General Stats

  • This quiz has been taken 1,077 times
  • The average score is 12 of 18

Answer Stats

QuestionAnswer% Correct
Which number Reich was Nazi Germany?Third
93%
In what year did the Nazi party gain control of Germany?1933
91%
What was the title of the leader of Germany?Führer
91%
Who were the secret police of Germany?Gestapo
91%
Were the Olympics every held in Nazi Germany?Yes
88%
Which alliance was Germany a part of?Axis Powers
87%
On the flag of Nazi Germany, what color is the Swastika?Black
87%
Who did Germany sign a non-aggression pact with in 1939?Soviet Union
86%
Which side of the Spanish Civil War did the Germans support?Nationalists
83%
What preceded Nazi Germany?Weimar Republic
77%
What was the Anschluss?Annexation of Austria
72%
Which religious group was targeted by Nazis?Jehovah's Witnesses
71%
Which city did Dietrich von Choltitz refuse to destroy?Paris
61%
What was the Volkshalle?A massive hall planned for Berlin after the war
56%
Were the French considered to be Aryan?Yes
31%
Which group was NOT targeted in the Nuremberg Laws?Communists
28%
How many people were killed in the Holocaust?11 million
26%
How many Jewish grandparents would someone need to have to be classified as fully Jewish?3
14%

Score Distribution

Percentile by Number Answered

Percent of People with Each Score

Your Score History

You have not taken this quiz